| 000 | 00585nam a22002177a 4500 | ||
|---|---|---|---|
| 001 | 00028590 | ||
| 005 | 20260319141037.0 | ||
| 008 | 260319b ag ||||| |||| 00| 0 spa d | ||
| 020 | _a9501269531 | ||
| 040 |
_aAR-CcCEOS _bspa _cAR-CcCEOS |
||
| 041 | _aspa | ||
| 080 | _a316 | ||
| 090 | _bROU | ||
| 100 | 1 |
_aRoudinesco, Elisabeth, _d1944- _9921 |
|
| 245 |
_a¿Por qué el psicoanálisis? / _cÉlisabeth Roudinesco |
||
| 264 |
_aMéxico : _bPaidós, _cc2000. |
||
| 300 |
_a130 p. ; _c24x15 cm. |
||
| 650 | 0 |
_apsicología _9114 |
|
| 655 | 0 |
_apsicoanalisis _9442 |
|
| 942 |
_2udc _cBK _n0 |
||
| 999 |
_c28620 _d28620 |
||